000 00867cam a2200277 i 4500
001 58511
003 BD-RjUL
005 20211209080630.0
008 790905s1978 enka b 000 0 eng
020 _a0416707300 :
_c£10.50
035 _a(BD-RjUL)58635
040 _aDLC
_cDLC
_dDLC
_beng
041 _aeng
082 0 0 _a333.760942
_223
_bWHR 1978
100 1 _aWhitby, Martin Charles.
_9173812
245 1 0 _aRural resource development :
_ban economic approach.
250 _a2nd ed. /
260 _aLondon :
_bMethuen,
_c1978.
300 _avii, 303 p. :
_bill. ;
_c23 cm.
504 _aBibliography: p. [282]-297.
650 0 _aLand use, Rural
_xPlanning
_zGreat Britain.
_9173813
650 0 _aRural development
_zGreat Britain.
_9172947
700 1 _aWillis, K. G.
_q(Kenneth George),
_ejoint author.
_9171787
942 _2ddc
_cBK
999 _c58511
_d58511